Presentation of population and housing censuses in Slovakia on the website supporting paper : working paper no. 18 : meeting on the Management of statistical information systems (MSIS 2007) : Geneva, 8-10 may 2007

Gespeichert in:
Bibliographische Detailangaben
1. Verfasser: Hudec, Miroslav, 1969-
Körperschaften: Management of statistical information systems. Meeting, Eurostat, OECD. Statistics Directorate
Weitere Verfasser: Büchler, Pavol
Format: Buch
Sprache:Englisch
Veröffentlicht: Geneva United Nations Economic Commission for Europe 2007
Schlagworte:
Tags: Tag hinzufügen
Keine Tags, Fügen Sie das erste Tag hinzu!

MARC

LEADER 00000nam a2200000 4500
001 0191105
005 20240502083443.2
041 0 |a eng 
044 |a CH 
245 1 0 |a Presentation of population and housing censuses in Slovakia on the website  |b supporting paper : working paper no. 18 : meeting on the Management of statistical information systems (MSIS 2007) : Geneva, 8-10 may 2007  |c prepared by Miroslav Hudec and Pavol Büchler 
264 1 |a Geneva  |b United Nations Economic Commission for Europe  |c 2007 
300 |a 6 s.  |e príl. 
610 2 0 |a populácia 
610 2 0 |a nehnuteľnosti 
100 1 |a Hudec, Miroslav, 1969- 
700 1 |a Büchler, Pavol 
110 2 |a Management of statistical information systems. Meeting 
710 2 |a Eurostat 
710 2 |a OECD. Statistics Directorate